Online katalóg knižníc regiónu Turca

Lucrezia Borgiová (Record no. 22422)

MARC details
000 -LEADER
fixed length control field 01374cam a2200421 a 4500
001 - CONTROL NUMBER
control field 22422
003 - CONTROL NUMBER IDENTIFIER
control field SK-KTurca
005 - DATE AND TIME OF LATEST TRANSACTION
control field 20260328102837.0
008 - FIXED-LENGTH DATA ELEMENTS--GENERAL INFORMATION
fixed length control field 240226s1992 xo gr 000 fbslo
015 ## - NATIONAL BIBLIOGRAPHY NUMBER
National bibliography number SNBA1993/04
020 ## - INTERNATIONAL STANDARD BOOK NUMBER
International Standard Book Number 8021800798
Qualifying information (viazané)
035 ## - SYSTEM CONTROL NUMBER
System control number SNK000013996
040 ## - CATALOGING SOURCE
Original cataloging agency SNK
Language of cataloging slo
Transcribing agency SNK
Description conventions AACR2
041 1# - LANGUAGE CODE
Language code of text/sound track or separate title slo
Language code of original ita
044 ## - COUNTRY OF PUBLISHING/PRODUCING ENTITY CODE
MARC country code xo
ISO country code SK
072 #7 - SUBJECT CATEGORY CODE
Subject category code 821.131.1-3
Subject category code subdivision Talianska próza
Source konspekt
080 ## - UNIVERSAL DECIMAL CLASSIFICATION NUMBER
Universal Decimal Classification number 850-3
Edition identifier 1981
080 ## - UNIVERSAL DECIMAL CLASSIFICATION NUMBER
Universal Decimal Classification number 929 Borgia, Lucrezia
Edition identifier 1981
080 ## - UNIVERSAL DECIMAL CLASSIFICATION NUMBER
Universal Decimal Classification number 821.131.1-31
Edition identifier 2011
080 ## - UNIVERSAL DECIMAL CLASSIFICATION NUMBER
Universal Decimal Classification number (0:82-311.6)
Edition identifier 2011
080 ## - UNIVERSAL DECIMAL CLASSIFICATION NUMBER
Universal Decimal Classification number (0:82-312.6)
Edition identifier 2011
100 1# - MAIN ENTRY--PERSONAL NAME
Personal name Grillandi, Massimo,
Dates associated with a name 1921-1987
Relationship aut
240 10 - UNIFORM TITLE
Uniform title Lucrezia Borgia
Language of a work Slovensky
245 10 - TITLE STATEMENT
Title Lucrezia Borgiová
Statement of responsibility, etc. Massimo Grillandi ; [preklad Mária Miháliková, Mária Štefánková, Soňa Vrbjarová]
250 ## - EDITION STATEMENT
Edition statement 1. vyd.
260 ## - PUBLICATION, DISTRIBUTION, ETC.
Place of publication, distribution, etc. Bratislava
Name of publisher, distributor, etc. Danubiapress
Date of publication, distribution, etc. 1992
300 ## - PHYSICAL DESCRIPTION
Extent 299 strán
Dimensions 21 cm
500 ## - GENERAL NOTE
General note Obsahuje bibliografickú poznámku
500 ## - GENERAL NOTE
General note Preložené z taliančiny
600 17 - SUBJECT ADDED ENTRY--PERSONAL NAME
Personal name Borgia, Lucrezia,
Titles and other words associated with a name vojvodkyňa z Ferrary,
Dates associated with a name 1480-1519
Source of heading or term SNKMA
655 #7 - INDEX TERM--GENRE/FORM
Genre/form data or focus term talianske romány
Source of term SNKPH
655 #7 - INDEX TERM--GENRE/FORM
Genre/form data or focus term historické romány
Source of term SNKPH
655 #7 - INDEX TERM--GENRE/FORM
Genre/form data or focus term biografické romány
Source of term SNKPH
700 1# - ADDED ENTRY--PERSONAL NAME
Personal name Miháliková, Mária
Relationship trl
700 1# - ADDED ENTRY--PERSONAL NAME
Personal name Štefánková, Mária,
Dates associated with a name 1951-
Relationship trl
700 1# - ADDED ENTRY--PERSONAL NAME
Personal name Vrbjarová, Soňa
Relationship trl
942 ## - ADDED ENTRY ELEMENTS (KOHA)
Source of classification or shelving scheme Dewey Decimal Classification
Koha item type Krásna literatúra pre dospelých
Suppress in OPAC No
Holdings
Stav vyradenia Strata Poškodenie Spôsob nadobudnutia Domovská knižnica Aktuálna knižnica Dátum nadobudnutia Total checkouts Čiarový kód exemplára Date last seen Typ exemplára
      Dar Obecná knižnica Horná Štubňa Obecná knižnica Horná Štubňa 28.03.2026   4736201988 28.03.2026 Krásna literatúra pre dospelých
Projekt je podporený Slovenskou asociáciou knižníc
Prevádzkuje Turčianska knižnica Martin 2026